Statistics for Random Cities on the Map by Letter - U-Z

Click here to take the quiz!

General Stats

  • This quiz has been taken 647 times
  • The average score is 5 of 8

Answers on the Map

Answers color-coded by a green-red scale on the quiz's map according to % correct below.
 

Answer Stats

City% Correct
Ulaanbaatar
100%
Zagreb
97%
Warsaw
95%
Wellington
92%
Zurich
92%
Valencia
89%
Vienna
85%
Vancouver
83%
Washington DC
81%
Yaounde
81%
Yerevan
76%
Windhoek
74%
Wuhan
66%
Yangon
65%
Zaragoza
59%
Urumqi
57%
Xi'an
51%
Ufa
45%
Volgograd
40%
Virginia Beach
38%
Yekaterinburg
38%
Valparaiso
36%
Xiamen
33%
Ulsan
30%

Score Distribution

Percentile by Number Answered

Percent of People with Each Score

Your Score History

You have not taken this quiz